00330 a2200133 4500003000400000005001700004008004100021040000600062100002200068110002300090245003800113250001100151260003400162OSt20180116182635.0160502b xxu||||| |||| 00| 0 eng d c0 aRobert S. Pindyck aDaniel L.Rubinfeld aMicroeconomicscRobert S. Pindyck a7th Ed aPearson Education Indiac2009